[Event "Luxembourg-ch"]
[Site "Luxembourg"]
[Date "1999.04.09"]
[Round "7"]
[White "Paulus, Sammy"]
[Black "Lorentz, Jacques"]
[Result "1-0"]
[WhiteElo "1971"]
[BlackElo "1830"]
[PlyCount "101"]
[EventDate "1999.04.03"]
[EventType "swiss"]
[EventRounds "9"]
[EventCountry "LUX"]
[SourceTitle "EXT 2005"]
[Source "ChessBase"]
[SourceDate "2004.11.15"]
[SourceVersion "1"]
[SourceVersionDate "2004.11.15"]
[SourceQuality "1"]

1. d4 d5 2. c4 e6 3. Nc3 Nf6 4. Nf3 Be7 5. Bg5 0-0 6. e3 Ne4 7. Bxe7 Qxe7 8. Bd3 Nxc3 9. bxc3 dxc4 10. Bxc4 c6 11. 0-0 Nd7 12. a4 b6 13. a5 b5 14. Bd3 a6 15. c4 bxc4 16. Bxc4 e5 17. Rb1 e4 18. Nd2 c5 19. Bd5 Ra7 20. Nxe4 cxd4 21. Qxd4 Ne5 22. f4 Ng4 23. h3 Nh6 24. g4 Rd8 25. Rb8 Rad7 26. Rc1 Bb7 27. Rxd8+ Rxd8 28. Nc3 Qa3 29. Rb1 Bxd5 30. Qxd5 Re8 31. Nd1 Kh8 32. Rb3 Qa2 33. Rd3 Qe2 34. Rd2 Qe1+ 35. Kg2 Qh4 36. Qg5 Qe1 37. Qd5 Qh4 38. Qd7 Rb8 39. Rc2 Qe1 40. Qd2 Qh4 41. g5 Nf5 42. Qf2 Qh5 43. Qe2 Qh4 44. Qg4 g6 45. Qxh4 Nxh4+ 46. Kf2 Rb5 47. e4 h6 48. Rc8+ Kg7 49. gxh6+ Kh7 50. Kg3 Rh5 51. Rc6 1-0

[Event "LUX-chABC"]
[Site "Dudelange"]
[Date "1998.04.18"]
[Round "8.18"]
[White "Lorentz, Jacques"]
[Black "Speksnijder, Robert"]
[Result "1-0"]
[WhiteElo "1830"]
[BlackElo "1910"]
[PlyCount "129"]
[EventDate "1998.04.11"]
[EventType "swiss"]
[EventRounds "9"]
[EventCountry "LUX"]
[SourceTitle "EXT 2013"]
[Source "ChessBase"]
[SourceDate "2012.11.22"]
[SourceVersion "1"]
[SourceVersionDate "2012.11.22"]
[SourceQuality "1"]

1. c4 e5 2. Nc3 Nf6 3. g3 d5 4. cxd5 Nxd5 5. Bg2 Nb6 6. d3 Bc5 7. Nf3 Nc6 8. 0-0 0-0 9. Na4 Nxa4 10. Qxa4 Be6 11. a3 Rb8 12. b4 Bd4 13. Nxd4 Nxd4 14. Qxa7 Nxe2+ 15. Kh1 Qxd3 16. Be3 Bd5 17. Rad1 Bxg2+ 18. Kxg2 Qe4+ 19. f3 Qc6 20. Qc5 Qxc5 21. Bxc5 Rfd8 22. Rxd8+ Rxd8 23. Re1 b6 24. Bf2 Nd4 25. Rxe5 f6 26. Re7 Nb5 27. a4 Kf8 28. Re2 Nc3 29. Rc2 Nd1 30. Bg1 Rd7 31. Kf1 Ke8 32. Ke1 Kd8 33. f4 Kc8 34. Bxb6 Nb2 35. Rxb2 cxb6 36. Ke2 Kb7 37. Ke3 f5 38. Rd2 Re7+ 39. Kd4 Re4+ 40. Kc3 Kc6 41. h4 h6 42. Rd3 g6 43. Kb3 g5 44. hxg5 hxg5 45. fxg5 Rg4 46. Rf3 Rxg5 47. Kc3 Kd5 48. Re3 Rg4 49. Rd3+ Kc6 50. Rf3 Rg5 51. a5 b5 52. Rd3 Rg4 53. Kb3 f4 54. gxf4 Rxf4 55. Rc3+ Kb7 56. Rc5 Ka6 57. Rc6+ Ka7 58. Rb6 Rf5 59. Rd6 Kb7 60. Kc3 Kc7 61. Re6 Kb7 62. Kd4 Rf4+ 63. Re4 Rf6 64. Re5 Rf4+ 65. Kc5 1-0

[Event "Luxembourg op"]
[Site "Luxembourg"]
[Date "1996.??.??"]
[Round "9"]
[White "Schmit, Francis"]
[Black "Lorentz, Jacques"]
[Result "1-0"]
[WhiteElo "1895"]
[BlackElo "1790"]
[PlyCount "57"]
[EventDate "1996.??.??"]
[EventType "swiss"]
[EventRounds "9"]
[EventCountry "LUX"]
[SourceTitle "EXT 2005"]
[Source "ChessBase"]
[SourceDate "2004.11.15"]
[SourceVersion "1"]
[SourceVersionDate "2004.11.15"]
[SourceQuality "1"]

1. d4 d5 2. c4 c6 3. Nf3 e6 4. Nc3 Nf6 5. cxd5 exd5 6. Bg5 Be7 7. e3 Nbd7 8. Qc2 h6 9. Bh4 Nh5 10. Bg3 Nxg3 11. hxg3 Nf6 12. Be2 Be6 13. Ne5 Qc8 14. Rc1 Bb4 15. Qa4 Bxc3+ 16. Rxc3 0-0 17. f3 Nd7 18. g4 Nb6 19. Qc2 Qd8 20. f4 f5 21. g5 hxg5 22. Ng6 Re8 23. Rh8+ Kf7 24. Ne5+ Ke7 25. Rh7 Rg8 26. Rxc6 Rc8 27. Qc5+ Kf6 28. fxg5+ Kxg5 29. Rxe6 1-0